000 00342nam a22001457a 4500
003 OSt
005 20160727222350.0
008 160622b xxu||||| |||| 00| 0 eng d
040 _cTEST
100 _9368
_aAsimov, I,
245 _aFantastic Voyage II
260 _aLon
_b Graftiion Book
_c1987
300 _aFantastic Voyage II
942 _2ddc
_cBK
999 _c299
_d299